Country Quiz: Belgium 🇧🇪 - Statistics

General Stats
  • This quiz has been taken 32 times
  • The average score is 28 of 39
Answer Stats
Hint Answer % Correct
Capital Brussels
100%
Since 1993, according to the Belgian constitution, the country is divided into three administrative regions Brussels
100%
German
100%
During World War I (1914-18) and World War II (1939-45), this country (during both wars) invaded and conquered the majority of Belgium Germany
100%
Germany
100%
Between 1908-60, after confiscating the colonised African country from the Belgian, Belgium itself colonised this African country until its independence Democratic Republic of the Congo
96%
Language Dutch
96%
Bordering Countries France
96%
Luxembourg
96%
Netherlands
96%
Country that Belgium received independence from Netherlands
96%
Second-Largest City Antwerp
93%
Nationality Belgian
93%
French
93%
Bordering Seas North Sea
93%
Main Religion Christianity (Catholicism)
89%
Currency Euro
89%
Flanders
86%
Founding Father Leopold
86%
Between 1885-1908, this Belgian King colonised this major African country for his own personal possession Leopold II
86%
The Smurfs
82%
Time zones 1 (utc+1)
79%
The world's second-largest exporter of this type of candy Chocolate
68%
Most Famous Leader Leopold II
68%
Rwanda
68%
These two famous animated adaptations were created in Belgium1. A young man on adventures, for example in the Congo 2. A bunch of small, blue, troll-like human characters Tintin
68%
Wallonia
68%
Between 1922-1962, Belgium administered (colonised) these two East African countries Burundi
61%
Independence 1830
57%
Body Mass Index
54%
In 2007, for approx. 100 consecutive days, Belgium was without this crucial political element Government
54%
State-Condition Monarchy (parliamentary / federale)
54%
Saxophone
50%
Mercator Projection
43%
Asphalt
25%
Famous People from the country Jean-Claude Van Damme
25%
Climate Temperate
25%
Belgian Inventions 1. Polymeric material that you can shape with the help of heat / pressure 2. A type of single-reed woodwind instrument with a conical body 3. The material used for road pavement layers and consists of the binder bitumen 4. A measurement of an individual's possible overweight / underweight 5. A geographical chart where the spherical globe if flattened into a two-dimensional map, with latitude and longitude lines drawn in a straight cord Plastic
11%
In 1948, Belgium, Luxembourg and the Netherlands formed this union to promote free movement of workers, goods and services between the three nations Benelux Customs Union
0%
No matching quizzes found
Score Distribution
Percent of People with Each Score
Percentile by Number Answered
Your Score History
You have not taken this quiz